| 000 | 00000nam##2200000za#4500 |
| 001 | 9.613983 |
| 003 | CaOODSP |
| 005 | 20230131161134 |
| 007 | ta |
| 008 | 150406|1998||||xxc||||| f|0| 0 eng|d |
| 020 | |a0-660-17109-0 |
| 022 | |a0068-7626 |
| 040 | |aCaOODSP|beng |
| 043 | |an-cn--- |
| 086 | 1 |aM42-427E |
| 110 | 2 |aGeological Survey of Canada. |
| 245 | 10|aGeology of the Corner Brook--Glover Island region, Newfoundland / |cby P. A. Cawood and J. A. M. Van Gool. |
| 260 | |aOttawa - Ontario : |bNatural Resources Canada. |c1998. |
| 300 | |a96p. : |bfigs., graphs, maps, references, tables ; |c28 cm. |
| 490 | 1 |aBulletin|x0068-7626|v427 |
| 500 | |a"This report details stratigraphic, structural, and metamorphic relationships within the Corner Brook map sheet (12A/13) and adjoining segments of the Little Grand Lake and Harrys River map sheets (12A/12 and 12B/9). It provides a detailed description of the rock units, the first integrated structural and metamorphic analysis, and presents the first reliable radiometric data on the rock units and events within the area."--Page 5. |
| 520 | 3 |aThis report details stratigraphic, structural, and metamorphic relationships within the Corner Brook map sheet (12A/13) and adjoining segments of the Little Grand Lake and Harrys River map sheets (12A/12 and 12B/9). It provides a detailed description of the rock units, the first integrated structural and metamorphic analysis, and presents the first reliable radiometric data on the rock units and events within the area.--Page 5 |
| 546 | |aRésumés en français |
| 563 | |aSoftcover |
| 590 | |a98-14|b1998-04-03 |
| 720 | 1 |aCawood, P. A. |
| 720 | 1 |aVan Gool, J. A. M. |
| 830 | #0|aBulletin,|x0068-7626|v427|w(CaOODSP)9.514768 |